MARC details
| 000 -LÍDER |
| campo de controle de tamanho fixo |
01841cam a22003254a 4500 |
| 001 - NÚMERO DE CONTROLE |
| campo de controle |
321 |
| 003 - IDENTIFICADOR DO NÚMERO DE CONTROLE |
| campo de controle |
OSt |
| 005 - DATA E HORÁRIO DA ÚLTIMA TRANSAÇÃO |
| campo de controle |
20250528074017.0 |
| 008 - CAMPO DE DADOS FIXOS--INFORMAÇÃO GERAL |
| campo de controle de tamanho fixo |
080603 c195 bl j 000 1 por |
| 020 ## - ISBN - INTERNATIONAL STANDARD BOOK NUMBER |
| ISBN - International Standard Book Number |
8501008397 |
| 040 ## - FONTE DA CATALOGAÇÃO |
| Idioma da catalogação |
por |
| 082 ## - CDD - CLASSIFICAÇÃO DECIMAL DE DEWEY |
| Número de Classificação |
823 |
| Número do exemplar |
W519a |
| 100 1# - ENTRADA PRINCIPAL--NOME PESSOAL |
| Nome pessoal |
West, Morris, |
| Datas associadas ao nome |
1916-1999. |
| 9 (RLIN) |
646 |
| 240 ## - TÍTULO UNIFORME |
| Título uniforme |
The Devil's Advocate / |
| 245 00 - TÍTULO |
| Título |
O advogado do diabo / |
| Indicação de responsabilidade, etc. |
West, Morris ; Tradução de Brenno Silveira |
| 250 ## - EDIÇÃO |
| Declaração de edição |
27 |
| 260 ## - PUBLICAÇÃO, DISTRIBUIÇÃO, ETC. |
| Local de publicação, distribuição, etc. |
Rio de Janeiro |
| Nome do editor, distribuidor, etc. |
Record |
| Data da publicação, distribuição, etc. |
2004 |
| 300 ## - DESCRIÇÃO FÍSICA |
| Extensão |
303 p. |
| 340 ## - MÉDIO FÍSICO |
| Suporte |
Papel |
| 520 ## - NOTA DE RESUMO, ETC. |
| Resumo, etc. |
Publicado originalmente em 1959, O advogado do diabo consagrou o australiano Morris West como um dos melhores escritores de sua geração. Na Calábria, sul da Itália, surge um culto à memória de um homem chamado Giacomo Nerone, a quem são atribuídos milagres. A devoção popular chama a atenção do Vaticano, que avalia a possibilidade de abrir um processo de canonização. Para confirmar a santidade, o sacerdote inglês Blaise Meredith é enviado com a missão de descobrir e denunciar fatos que possam impedir a santificação de Nerone.<br/><br/>O papel deste investigador canônico é o de um verdadeiro advogado do diabo. Em suas investigações, o religioso não só descobre a verdade sobre Giacomo como enfrenta dramas em sua consciência que o fazem reavaliar seu papel de homem e de sacerdote. A obra é sucesso de público e crítica, e se destacou entre os clássicos da literatura de língua inglesa da segunda metade do século XX por abordar aspectos fundamentais da natureza humana. |
| 650 #0 - ASSUNTO--TERMO TÓPICO |
| Cabeçalho tópico ou nome geográfico |
Literatura australiana |
| 9 (RLIN) |
219 |
| 650 #0 - ASSUNTO--TERMO TÓPICO |
| Cabeçalho tópico ou nome geográfico |
Suspense |
| 9 (RLIN) |
10 |
| 650 #0 - ASSUNTO--TERMO TÓPICO |
| Cabeçalho tópico ou nome geográfico |
Mistério |
| 9 (RLIN) |
42 |
| 650 #0 - ASSUNTO--TERMO TÓPICO |
| Cabeçalho tópico ou nome geográfico |
Corrupção |
| 9 (RLIN) |
151 |
| 650 #0 - ASSUNTO--TERMO TÓPICO |
| Cabeçalho tópico ou nome geográfico |
Religião |
| 9 (RLIN) |
100 |
| 655 #0 - TERMO DE ÍNDICE--GÊNERO E FORMA |
| Gênero/forma/ou termo foco |
Romance |
| 655 #0 - TERMO DE ÍNDICE--GÊNERO E FORMA |
| Gênero/forma/ou termo foco |
Ficção |
| 700 ## - ENTRADA ADICIONADA - NOME PESSOAL |
| Nome pessoal |
Brenno SIlveira |
| Datas associadas ao nome |
1911- |
| Função do autor por extenso |
TRADUTOR |
| 9 (RLIN) |
647 |
| 942 ## - ELEMENTOS DE ENTRADA ADICIONADOS (KOHA) |
| Fonte de classificação ou esquema de arquivamento |
Classificação decimal de Dewey |
| Tipo de material Koha |
Livros |